les 12 plus grandes métropoles de france - Statistiques

Statistiques générales
  • Ce quiz a été pris 530 fois
  • Le résultat moyen est 11 sur 12
Statistiques - réponses
numéro Réponse % Correct
2 Marseille
99%
1 Paris
99%
5 Lille
94%
3 Lyon
94%
7 Toulouse
93%
4 Bordeaux
92%
9 Strasbourg
91%
6 Nantes
90%
8 Nice
90%
10 Rennes
85%
12 Montpellier
76%
11 Grenoble
56%
Aucun quiz correspondant
Distribution des résultats
% des personnes avec chaque résultat
Percentile par nombre de réponses
Votre historique - résultats
Vous n’avez pas pris ce quiz